[Event "jhw world CC Championship"]
[Site "SchemingMind.com"]
[Date "2007.07.12"]
[Round "-"]
[White "rampichino"]
[Black "dadshane2000"]
[Result "0-1"]
[WhiteCountry "ITA"]
[BlackCountry "USA"]
[WhiteElo "1581"]
[WhiteRD "56"]
[BlackElo "1881"]
[BlackRD "69"]
[GameID "112719"]

1. e4 c5 2. c3 Nf6 3. e5 Nd5 4. d4 cxd4 5. Nf3 e6 6. cxd4 b6 7. Bd3 Bb7 8. O-O d6 9. exd6 Bxd6 10. Nc3 h6
11. Re1 Nxc3 12. bxc3 Nd7 13. a4 O-O 14. Ba3 Nf6 15. Bxd6 Qxd6 16. Qb3 Ng4 17. Be4 Bxe4 18. Rxe4 Nf6 19. Re5 Rfd8 20. Rb5 Nd5
21. c4 a6 22. cxd5 axb5
0-1

[Event "jhw world CC Championship"]
[Site "SchemingMind.com"]
[Date "2007.07.12"]
[Round "-"]
[White "rampichino"]
[Black "WannaBe"]
[Result "0-1"]
[WhiteCountry "ITA"]
[BlackCountry "USA"]
[WhiteElo "1581"]
[WhiteRD "56"]
[BlackElo "1452"]
[BlackRD "76"]
[GameID "112720"]

1. e4 c5 2. c3 Nf6 3. e5 Nd5 4. d4 cxd4 5. cxd4 e6 6. Nf3 d6 7. Bc4 Nc6 8. O-O Be7 9. Qe2 O-O 10. Nc3 Nxc3
11. bxc3 d5 12. Bd3 Bd7 13. a4 a6 14. Ba3 Bxa3 15. Rxa3 Ne7 16. Rb1 Bc6 17. c4 dxc4 18. Bxc4 Rb8 19. a5 Bxf3 20. Qxf3 Qxd4
21. Qe2 Rfc8 22. Rc1 Rc5 23. Rd3 Qxe5 24. Re3 Qc7 25. Rec3 Rc8 26. R3c2 Qxa5 27. Bb3 Rxc2 28. Bxc2 g6
0-1

[Event "jhw world CC Championship"]
[Site "SchemingMind.com"]
[Date "2007.07.12"]
[Round "-"]
[White "rampichino"]
[Black "Archon"]
[Result "1-0"]
[WhiteCountry "ITA"]
[BlackCountry "CAN"]
[WhiteElo "1581"]
[WhiteRD "56"]
[BlackElo "1711"]
[BlackRD "52"]
[GameID "112721"]

1. e4 d6 2. d4 Nf6 3. Nc3 g6 4. Bg5 Bg7 5. Qd2 c6 6. Bh6 Bxh6 7. Qxh6 Qa5 8. O-O-O b5 9. e5 dxe5 10. dxe5 Ng4
11. Qg7 Rf8 12. Nh3 b4 13. Ne4 Qxe5 14. Qxe5 Nxe5 15. f4 Bg4 16. Rd4 Bxh3 17. gxh3 Ned7 18. Rxb4 a5 19. Rb7 Kd8 20. Bc4 Kc8
21. Rb3 Na6 22. Bxa6+ Rxa6 23. Rd1 Rd8 24. Rbd3 Ra7 25. Nc5 e6 26. a3 Rc7 27. b3 Nxc5 28. Rxd8+ Kb7 29. Rh8 h5 30. Rdd8 Na6
31. Rh7 Nc5 32. Rf8 f5 33. Rxc7+ Kxc7 34. Rg8 Ne4 35. Rxg6 Kd6 36. c4 Nf2 37. Kd2 Nxh3 38. Ke3 Ke7 39. Rh6 Nxf4 40. Kxf4 h4
41. Rxh4 Kf6 42. Rh6+ Ke7 43. Ke5
1-0

[Event "jhw world CC Championship"]
[Site "SchemingMind.com"]
[Date "2007.07.12"]
[Round "-"]
[White "rampichino"]
[Black "drunkenmaster"]
[Result "0-1"]
[WhiteCountry "ITA"]
[BlackCountry "PHI"]
[WhiteElo "1522"]
[WhiteRD "67"]
[BlackElo "1839"]
[BlackRD "93"]
[GameID "112722"]

1. e4 c5 2. c3 Nf6 3. e5 Nd5 4. d4 cxd4 5. cxd4 d6 6. Nf3 Nc6 7. Bc4 Nb6 8. Bb3 dxe5 9. d5 Na5 10. Nc3 f6
11. O-O Bg4 12. Ba4+ Nxa4 13. Qxa4+ Bd7 14. Qe4 Rc8 15. Nxe5 fxe5 16. Qxe5 Nc4
0-1

[Event "jhw world CC Championship"]
[Site "SchemingMind.com"]
[Date "2007.07.12"]
[Round "-"]
[White "rampichino"]
[Black "GLADI8R"]
[Result "1/2-1/2"]
[WhiteCountry "ITA"]
[BlackCountry "USA"]
[WhiteElo "1581"]
[WhiteRD "56"]
[BlackElo "1426"]
[BlackRD "97"]
[GameID "112723"]

1. e4 c5 2. c3 Nf6 3. e5 Nd5 4. d4 cxd4 5. cxd4 Nc6 6. Nf3 e6 7. Bc4 Nb6 8. Bb3 d6 9. O-O Be7 10. Bf4 O-O
11. Nbd2 dxe5 12. dxe5 Nd5 13. Bxd5 Qxd5 14. Qb3 Qxb3 15. Nxb3 Bd7 16. Rfd1 Rfd8 17. a3 Be8 18. Rac1 Rxd1+ 19. Rxd1 Rd8 20. Nbd4 Nxd4
21. Rxd4 Rxd4 22. Nxd4 Bc5 23. Be3 Bxd4= 24. Bxd4 a6 25. Bb6 Bc6 26. f3 Kf8 27. Kf2 Ke7 28. Ke3 h5 29. h3 g6 30. g4 hxg4
31. hxg4 Kd7 32. f4 Ba4 33. Kd4 Kc6 34. Bd8 Bb5 35. g5 Bf1 36. a4 b5 37. axb5+ Bxb5 38. b4=
1/2-1/2

[Event "jhw world CC Championship"]
[Site "SchemingMind.com"]
[Date "2007.07.12"]
[Round "-"]
[White "rampichino"]
[Black "kwabena"]
[Result "1-0"]
[WhiteCountry "ITA"]
[BlackCountry "ENG"]
[WhiteElo "1522"]
[WhiteRD "67"]
[BlackElo "1553"]
[BlackRD "80"]
[GameID "112724"]

1. e4 d5 2. exd5 Nf6 3. d4 Nxd5 4. Nf3 Bf5 5. Bd3 Bxd3 6. Qxd3 e6 7. O-O Be7 8. a3 O-O 9. Re1 h6 10. c4 Nb6
11. Nc3 Bf6 12. Ne4 Bxd4 13. Qxd4 Qxd4 14. Nxd4 Nxc4 15. b3 Nb6 16. Nc5 Nc6 17. Nxc6 bxc6 18. Nxe6 fxe6 19. Rxe6 c5 20. Rc6 Rac8
21. Rxc5 Rf7 22. Be3 c6 23. Rac1 Nd5 24. Rxd5 Rb7 25. Rd3 a5 26. Rdc3 Kf7 27. h3 Ke7 28. Bc5+ Ke6 29. b4 axb4 30. axb4 Rd8
31. Be3 Rc8 32. Rxc6+ Rxc6 33. Rxc6+ Kd5 34. Rc5+ Kd6 35. b5 Rb8 36. Rh5 Ke6 37. b6 Kf7 38. Rb5 Ke7 39. b7 Kd7 40. Bf4 Kc6
41. Bxb8 Kxb5 42. Be5
1-0

[Event "jhw world CC Championship"]
[Site "SchemingMind.com"]
[Date "2007.07.12"]
[Round "-"]
[White "rampichino"]
[Black "Theodoric"]
[Result "0-1"]
[WhiteCountry "ITA"]
[BlackCountry "ENG"]
[WhiteElo "1581"]
[WhiteRD "56"]
[BlackElo "1793"]
[BlackRD "62"]
[GameID "112725"]

1. e4 e6 2. d4 d5 3. e5 c5 4. c3 Nc6 5. Nf3 a6 6. Be3 cxd4 7. cxd4 Qb6 8. Qc2 Bd7 9. a3 Rc8 10. Nc3 Nge7
11. Bd3 f5 12. Na4 Qa7 13. Nc5 Qa8 14. O-O h6 15. Nh4 g5 16. Nxd7 Kxd7 17. Nxf5 Nxf5 18. Bxf5 Nxd4 19. Qa4+ Nc6 20. Bd3 b5
21. Bxb5 axb5
0-1

[Event "jhw world CC Championship"]
[Site "SchemingMind.com"]
[Date "2007.07.12"]
[Round "-"]
[White "rampichino"]
[Black "jhw"]
[Result "1-0"]
[WhiteCountry "ITA"]
[BlackCountry "RSA"]
[WhiteElo "1587"]
[WhiteRD "55"]
[BlackElo "1535"]
[BlackRD "69"]
[GameID "112727"]

1. e4 e5 2. Nf3 Nc6 3. d4 exd4 4. Nxd4 Bc5 5. Be3 Qf6 6. c3 Nge7 7. Bc4 Ne5 8. Be2 Qg6 9. O-O d6 10. Kh1 O-O
11. Nd2 Ng4 12. h3 Nf6 13. Bd3 Be6 14. b4 Bxd4 15. cxd4 d5 16. e5 Ne4 17. Nxe4 dxe4 18. Be2 Nf5 19. Bh5 Nxe3 20. fxe3 Qg5
21. Qe2 b5 22. Rf4 Bc4 23. Qg4 Qxg4 24. Bxg4 Bd3 25. Rc1 a5 26. a3 axb4 27. axb4 Ra4 28. Rxc7 Rxb4 29. e6 Rb1+ 30. Kh2
1-0

[Event "jhw world CC Championship"]
[Site "SchemingMind.com"]
[Date "2007.07.13"]
[Round "-"]
[White "dadshane2000"]
[Black "rampichino"]
[Result "1-0"]
[WhiteCountry "USA"]
[BlackCountry "ITA"]
[WhiteElo "1874"]
[WhiteRD "71"]
[BlackElo "1587"]
[BlackRD "55"]
[GameID "112728"]

1. e4 d5 2. exd5 Qxd5 3. Nc3 Qd6 4. d4 Nf6 5. Nf3 Bg4 6. h3 Bh5 7. g4 Bg6 8. Ne5 Nbd7 9. Bf4 Qb6 10. Nxd7 Nxd7
11. Rb1 e6 12. Bg2 Bd6 13. Be3 O-O-O 14. O-O c6 15. a3 Qc7 16. f4 f5 17. g5 h6 18. Ne2 hxg5 19. fxg5 Bh5 20. Qe1 Bxe2
21. Qxe2 Bh2+ 22. Kh1 g6 23. Rf3 Rh5 24. Qf2 Rdh8 25. c4 Bd6 26. c5 Be7 27. Bf4 Qd8 28. b4 Bxg5 29. Bh2 Bf6 30. b5 Qa5
31. bxc6 bxc6 32. Rfb3
1-0

[Event "jhw world CC Championship"]
[Site "SchemingMind.com"]
[Date "2007.07.12"]
[Round "-"]
[White "WannaBe"]
[Black "rampichino"]
[Result "0-1"]
[WhiteCountry "USA"]
[BlackCountry "ITA"]
[WhiteElo "1452"]
[WhiteRD "76"]
[BlackElo "1581"]
[BlackRD "56"]
[GameID "112729"]

1. e4 d5 2. exd5 Qxd5 3. Nc3 Qa5 4. Nf3 Nf6 5. d4 Bf5 6. Bd2 c6 7. Be2 e6 8. O-O Nbd7 9. Ne4 Qc7 10. Nxf6+ Nxf6
11. c3 Bd6 12. g3 h5 13. Nh4 O-O-O 14. Nxf5 exf5 15. Qc2 g6 16. f3 f4 17. Bxf4 Bxf4 18. gxf4 Qxf4 19. Rae1 g5 20. Bd3 g4
21. fxg4 Qxg4+ 22. Kh1 Nd7 23. Rxf7 Rhf8 24. Bf5 Qf3+
0-1

[Event "jhw world CC Championship"]
[Site "SchemingMind.com"]
[Date "2007.07.13"]
[Round "-"]
[White "Archon"]
[Black "rampichino"]
[Result "0-1"]
[WhiteCountry "CAN"]
[BlackCountry "ITA"]
[WhiteElo "1711"]
[WhiteRD "52"]
[BlackElo "1581"]
[BlackRD "56"]
[GameID "112730"]

1. e4 d5 2. exd5 Qxd5 3. Nc3 Qd6 4. d4 Nf6 5. Bc4 a6 6. Nge2 b5 7. Bf4 Qd7 8. Bb3 e6 9. O-O c5 10. a3 c4
11. Ba2 Bd6 12. Qd2 Bb7 13. Bxd6 Qxd6 14. b3 cxb3 15. Bxb3 O-O 16. Rfd1 Ne4 17. Nxe4 Bxe4 18. Ng3 Bg6 19. c3 Nd7 20. Bc2 Bxc2
21. Qxc2 Rac8 22. Ne2 Rc4 23. Rd3 Rfc8 24. Qd2 Nf6 25. Rg3 Ne4 26. Qe1 Nxg3 27. hxg3 e5 28. Rd1 Ra4 29. dxe5 Qxe5 30. Ra1 Re8
31. Kf1 Re4 32. Ra2 Qe6 33. Rc2 Qc4 34. Qd1 Qb3 35. Nd4 Qxa3 36. Nf3 Rc4 37. Rd2 Qxc3 38. Rd8 Rc8 39. Rd3 Qxd3+
0-1

[Event "jhw world CC Championship"]
[Site "SchemingMind.com"]
[Date "2007.07.12"]
[Round "-"]
[White "drunkenmaster"]
[Black "rampichino"]
[Result "1-0"]
[WhiteCountry "PHI"]
[BlackCountry "ITA"]
[WhiteElo "1839"]
[WhiteRD "93"]
[BlackElo "1522"]
[BlackRD "67"]
[GameID "112731"]

1. e4 d5 2. exd5 Qxd5 3. Nc3 Qd6 4. g3 Nc6 5. Bg2 Bf5 6. Nge2 Nf6 7. d3 e5 8. O-O O-O-O 9. Bg5 h6 10. Bxf6 gxf6
11. Ne4 Bxe4 12. Bxe4 h5 13. h4 Qe6 14. Nc3 f5 15. Bg2 f4 16. Kh2 Nd4 17. Ne4 Be7 18. c3 fxg3+ 19. fxg3
1-0

[Event "jhw world CC Championship"]
[Site "SchemingMind.com"]
[Date "2007.07.13"]
[Round "-"]
[White "GLADI8R"]
[Black "rampichino"]
[Result "0-1"]
[WhiteCountry "USA"]
[BlackCountry "ITA"]
[WhiteElo "1444"]
[WhiteRD "109"]
[BlackElo "1522"]
[BlackRD "67"]
[GameID "112732"]

1. e4 d5 2. exd5 Qxd5 3. Nc3 Qa5 4. d4 Nf6 5. Nf3 Bf5 6. Bd2 c6 7. Ne4 Qc7 8. Nc5 e6 9. Nd3 Nbd7 10. Nde5 Nxe5
11. Nxe5 Bd6 12. f4 Bxe5 13. fxe5 Ne4 14. Bd3 O-O-O 15. Bg5 Nxg5 16. Bxf5 exf5 17. g4 Rxd4 18. Qc1 Qxe5+ 19. Kf2 Nh3+ 20. Kg2 Qe2+
21. Kxh3 Qxg4#
0-1

[Event "jhw world CC Championship"]
[Site "SchemingMind.com"]
[Date "2007.07.12"]
[Round "-"]
[White "kwabena"]
[Black "rampichino"]
[Result "0-1"]
[WhiteCountry "ENG"]
[BlackCountry "ITA"]
[WhiteElo "1553"]
[WhiteRD "80"]
[BlackElo "1522"]
[BlackRD "67"]
[GameID "112733"]

1. d4 d5 2. Bf4 Nf6 3. h3 Bf5 4. e3 e6 5. c4 Bb4+ 6. Nd2 c6 7. a3 Ba5 8. b4 Bc7 9. Bg5 h6 10. Bxf6 Qxf6
11. Ngf3 Nd7 12. cxd5 exd5 13. Nb3 O-O 14. Bd3 Rfe8 15. O-O g5 16. Bxf5 Qxf5 17. Nc5 Nxc5 18. bxc5 b5 19. a4 a6 20. axb5 axb5
21. Rxa8 Rxa8 22. Qb3 g4 23. hxg4 Qxg4 24. Rb1 Kh8 25. Kf1 Rg8 26. Ke2 f5 27. g3 Re8 28. Qd1 f4 29. Qh1 Kg7 30. gxf4 Qf5
31. Rg1+ Kf7 32. Ne5+ Bxe5 33. fxe5 Qc2+ 34. Kf3 Qe4+ 35. Ke2 Qc2+ 36. Ke1 Qc1+= 37. Ke2 Qc2+ 38. Kf1 Qd1+ 39. Kg2 Rg8+ 40. Kh3 Qh5#
0-1

[Event "jhw world CC Championship"]
[Site "SchemingMind.com"]
[Date "2007.07.17"]
[Round "-"]
[White "Theodoric"]
[Black "rampichino"]
[Result "1-0"]
[WhiteCountry "ENG"]
[BlackCountry "ITA"]
[WhiteElo "1793"]
[WhiteRD "62"]
[BlackElo "1581"]
[BlackRD "56"]
[GameID "112734"]

1. e4 d5 2. exd5 Qxd5 3. Nc3 Qa5 4. d4 Nf6 5. Nf3 Bf5 6. Bd2 c6 7. Be2 e6 8. Ne4 Qc7 9. Ng3 Bg6 10. Ne5 Nbd7
11. Nxg6 hxg6 12. c3 Bd6 13. Qc2 O-O-O 14. O-O-O Nb6 15. Bg5 Bf4+ 16. Bxf4 Qxf4+ 17. Qd2 g5 18. Bd3 Ng4 19. Ne4 Rxh2 20. Rxh2 Qxd2+
21. Rxd2 Nxh2 22. Nxg5 f5 23. Nxe6
1-0

[Event "jhw world CC Championship"]
[Site "SchemingMind.com"]
[Date "2007.07.12"]
[Round "-"]
[White "jhw"]
[Black "rampichino"]
[Result "1-0"]
[WhiteCountry "RSA"]
[BlackCountry "ITA"]
[WhiteElo "1635"]
[WhiteRD "88"]
[BlackElo "1581"]
[BlackRD "56"]
[GameID "112736"]

1. Nf3 Nf6 2. c4 c5 3. Nc3 Nc6 4. g3 g6 5. Bg2 Bg7 6. O-O O-O 7. d4 cxd4 8. Nxd4 Nxd4 9. Qxd4 d6 10. Qd3 Rb8
11. Be3 b6 12. Bd4 Bb7 13. e4 Nd7 14. Bxg7 Kxg7 15. b3 Nc5 16. Qe3 Qc7 17. Rfd1 e5 18. Nb5 Qc6 19. Rxd6 Qc8 20. Nxa7 Qg4
21. Bf3 Qh3 22. Rxb6 Bxe4 23. Bxe4 Rxb6 24. Qxc5 Rbb8 25. Qxe5+ Kh6 26. Nc6 Rbe8 27. Qf4+
1-0